[Event "IND-chT (Women) 22nd"]
[Site "Ahmedabad"]
[Date "2025.03.09"]
[Round "5.3"]
[White "Bindu, Saritha K"]
[Black "Shanmathi Sree, S."]
[Result "0-1"]
[WhiteElo "1725"]
[BlackElo "1888"]
[PlyCount "70"]
[EventDate "2025.03.05"]
[EventType "team-swiss"]
[EventRounds "7"]
[EventCountry "IND"]
[SourceTitle "CB12_2025"]
[SourceDate "2025.03.19"]
[SourceVersion "1"]
[SourceVersionDate "2025.03.19"]
[SourceQuality "1"]
[WhiteTeam "Life Insurance Corporation (W)"]
[BlackTeam "Tamil Nadu (W)"]
[WhiteTeamCountry "IND"]
[BlackTeamCountry "IND"]

1. Nf3 Nf6 2. g3 g6 3. Bg2 Bg7 4. 0-0 0-0 5. d3 d5 6. Nbd2 Nc6 7. c3 e5 8. e4 dxe4 9. dxe4 Qd3 10. Re1 Rd8 11. Bf1 Qd6 12. Qc2 h6 13. Nc4 Qe7 14. b3 Bg4 15. Ba3 Qe6 16. Nh4 b5 17. Ne3 a6 18. Nxg4 Qxg4 19. Bc5 Nd7 20. f3 Qe6 21. Bf2 Nb6 22. Ng2 Rd7 23. Bxb6 cxb6 24. Ne3 Rc8 25. Nd5 Ne7 26. Nxe7+ Rxe7 27. Red1 Rec7 28. Rd3 Bf8 29. Qd2 Kg7 30. a3 Qxb3 31. Bh3 Rxc3 32. Rd5 Rc2 33. Bxc8 Bc5+ 34. Rxc5 Rxd2 35. Rcc1 Qe3+ 0-1

[Event "Swiss Queens Wed #48"]
[Site "FIDE Online Arena INT"]
[Date "2024.12.25"]
[Round "5"]
[White "Shanmathi Sree, S."]
[Black "Bashirli, Saadat"]
[Result "1-0"]
[WhiteElo "2038"]
[BlackElo "1986"]
[PlyCount "57"]
[EventDate "2024.12.25"]
[EventType "swiss (blitz)"]
[EventRounds "11"]
[EventCountry "NET"]
[SourceTitle "CB02_2025"]
[SourceDate "2025.01.08"]
[SourceVersion "1"]
[SourceVersionDate "2025.01.08"]
[SourceQuality "1"]

1. e4 c5 2. Nf3 Nc6 3. d4 cxd4 4. Nxd4 g6 5. Nc3 Bg7 6. Be3 Nf6 7. Bc4 0-0 8. 0-0 Nxe4 9. Nxe4 d5 10. Nxc6 bxc6 11. Bd3 dxe4 12. Bxe4 Qc7 13. Rb1 Rb8 14. Qf3 Rxb2 15. Rxb2 Bxb2 16. Bxc6 Ba6 17. Rb1 Be5 18. h3 Rc8 19. Be4 Rb8 20. Rd1 Kg7 21. Bd5 e6 22. Bb3 Bb7 23. Qe2 Qc6 24. f3 a5 25. Ba7 Ra8 26. Qxe5+ f6 27. Qc5 a4 28. Qe7+ Kh6 29. Be3+ 1-0

[Event "Swiss Queens Wed #48"]
[Site "FIDE Online Arena INT"]
[Date "2024.12.25"]
[Round "9"]
[White "Shanmathi Sree, S."]
[Black "Ejsymont, Blanka"]
[Result "0-1"]
[WhiteElo "2038"]
[BlackElo "1863"]
[PlyCount "70"]
[EventDate "2024.12.25"]
[EventType "swiss (blitz)"]
[EventRounds "11"]
[EventCountry "NET"]
[SourceTitle "CB02_2025"]
[SourceDate "2025.01.08"]
[SourceVersion "1"]
[SourceVersionDate "2025.01.08"]
[SourceQuality "1"]

1. e4 c5 2. Nf3 Nc6 3. d4 cxd4 4. Nxd4 g6 5. Nc3 Bg7 6. Be3 Nf6 7. Bc4 0-0 8. 0-0 Nxe4 9. Nxe4 d5 10. Nxc6 bxc6 11. Bd3 dxe4 12. Bxe4 Qc7 13. Rb1 Be6 14. Qf3 Bxa2 15. Ra1 Bd5 16. Bxd5 cxd5 17. Qxd5 Qxc2 18. Rxa7 Rxa7 19. Bxa7 Qxb2 20. Qd7 Qe5 21. h3 e6 22. Rc1 Qd5 23. Qe7 Qd8 24. Qb7 Qd5 25. Qc7 Rd8 26. Be3 Be5 27. Qc2 Kg7 28. g3 Qf3 29. Re1 Qf5 30. Qc5 Rd5 31. Qe7 Bf6 32. Qc7 Qxh3 33. Rb1 Rh5 34. f4 Qh1+ 35. Kf2 Rh2# 0-1

[Event "Swiss Queens Wed #48"]
[Site "FIDE Online Arena INT"]
[Date "2024.12.25"]
[Round "7"]
[White "Shanmathi Sree, S."]
[Black "Jimenez Salas, Maria Teresa"]
[Result "1-0"]
[WhiteElo "2038"]
[BlackElo "2012"]
[PlyCount "57"]
[EventDate "2024.12.25"]
[EventType "swiss (blitz)"]
[EventRounds "11"]
[EventCountry "NET"]
[SourceTitle "CB02_2025"]
[SourceDate "2025.01.08"]
[SourceVersion "1"]
[SourceVersionDate "2025.01.08"]
[SourceQuality "1"]

1. e4 c5 2. Nf3 Nc6 3. d4 cxd4 4. Nxd4 Nf6 5. Nc3 d6 6. Bc4 e6 7. 0-0 Be7 8. Bb3 0-0 9. Be3 e5 10. Nde2 Be6 11. Ng3 Qd7 12. h3 Rad8 13. Qf3 Bxb3 14. axb3 b6 15. Rfd1 Nb4 16. Rd2 Qc7 17. Nf5 Rfe8 18. Qg3 Bf8 19. Bg5 Kh8 20. Bxf6 gxf6 21. Ra4 a5 22. Rxb4 axb4 23. Nd5 Qb7 24. Nxf6 Bh6 25. Nxe8 Rxe8 26. Nxh6 Rf8 27. Nf5 Rg8 28. Qh4 Rxg2+ 29. Kxg2 1-0

[Event "Swiss Queens Wed #48"]
[Site "FIDE Online Arena INT"]
[Date "2024.12.25"]
[Round "1"]
[White "Shanmathi Sree, S."]
[Black "Pham, Le Thao Nguyen"]
[Result "0-1"]
[WhiteElo "2038"]
[BlackElo "2384"]
[PlyCount "88"]
[EventDate "2024.12.25"]
[EventType "swiss (blitz)"]
[EventRounds "11"]
[EventCountry "NET"]
[SourceTitle "CB02_2025"]
[SourceDate "2025.01.08"]
[SourceVersion "1"]
[SourceVersionDate "2025.01.08"]
[SourceQuality "1"]

1. e4 c5 2. Nf3 e6 3. d4 cxd4 4. Nxd4 a6 5. Bd3 Nc6 6. Nxc6 dxc6 7. 0-0 e5 8. Be3 Nf6 9. h3 Bd6 10. Nd2 0-0 11. Nc4 Bc7 12. a4 b5 13. axb5 cxb5 14. Nd2 Bb7 15. Qe2 Bb6 16. Bg5 h6 17. Bh4 g5 18. Bg3 Qe7 19. Nf3 Nd7 20. Nh2 f6 21. Qh5 Kg7 22. Ng4 Rh8 23. Ne3 Bxe3 24. fxe3 Nc5 25. Qg4 Rad8 26. h4 Bc8 27. Qe2 Be6 28. b4 Na4 29. Qf2 Rd6 30. h5 Rhd8 31. Be2 Rd2 32. Qf3 Rxc2 33. Rfe1 Rdd2 34. Rad1 Nc3 35. Rxd2 Rxd2 36. Bf2 g4 37. Qg3 Nxe2+ 38. Rxe2 Rxe2 39. Kh2 Qxb4 40. Qh4 Qd2 41. Kg3 Rxf2 42. Qxf6+ Rxf6 43. Kh4 Qf2+ 44. g3 Qh2# 0-1

[Event "IND-ch U13 Girls 37th"]
[Site "Durgapur"]
[Date "2024.12.21"]
[Round "7"]
[White "Shanmathi Sree, S."]
[Black "Arhashirsha, Biswas"]
[Result "1-0"]
[WhiteElo "2039"]
[BlackElo "1781"]
[PlyCount "63"]
[EventDate "2024.12.17"]
[EventType "swiss"]
[EventRounds "11"]
[EventCountry "IND"]
[SourceTitle "CB04_2025"]
[SourceDate "2025.01.22"]
[SourceVersion "1"]
[SourceVersionDate "2025.01.22"]
[SourceQuality "1"]

1. e4 c5 2. Nf3 d6 3. d4 cxd4 4. Nxd4 Nf6 5. Nc3 a6 6. h3 e6 7. g4 Be7 8. g5 Nfd7 9. Bg2 Nc6 10. h4 Qc7 11. Be3 Nde5 12. Qe2 Rg8 13. 0-0-0 Bd7 14. f4 Nxd4 15. Bxd4 Nc4 16. b3 Na3 17. Kb2 Nb5 18. a4 Nxc3 19. Bxc3 Rc8 20. Qd2 b5 21. axb5 Bxb5 22. Ba5 Qb7 23. Bb4 Bc6 24. Rhe1 Rb8 25. Ba3 Ba4 26. Re3 Bc6 27. Bxd6 Rd8 28. Rd3 Bxd6 29. Rxd6 Rd7 30. e5 Bd5 31. Rxd7 Qxd7 32. c4 1-0

[Event "IND-ch U13 Girls 37th"]
[Site "Durgapur"]
[Date "2024.12.19"]
[Round "5"]
[White "Darshini, Sri T"]
[Black "Shanmathi Sree, S."]
[Result "1-0"]
[WhiteElo "1784"]
[BlackElo "2039"]
[PlyCount "175"]
[EventDate "2024.12.17"]
[EventType "swiss"]
[EventRounds "11"]
[EventCountry "IND"]
[SourceTitle "CB04_2025"]
[SourceDate "2025.01.22"]
[SourceVersion "1"]
[SourceVersionDate "2025.01.22"]
[SourceQuality "1"]

1. d4 Nf6 2. c4 g6 3. Nc3 Bg7 4. e4 d6 5. Nf3 0-0 6. Be2 e5 7. 0-0 h6 8. Re1 Nh7 9. Be3 Ng5 10. dxe5 Nxf3+ 11. Bxf3 dxe5 12. Qc1 Kh7 13. Rd1 Bd7 14. Qd2 Qc8 15. Bc5 Rh8 16. Nd5 Be6 17. Be7 Nd7 18. Rac1 c6 19. Ne3 Qe8 20. Bd6 h5 21. Qd3 Bh6 22. Rc2 Rd8 23. Bc7 Rc8 24. Bd6 Bxe3 25. Qxe3 c5 26. a3 f6 27. Be2 a5 28. f4 a4 29. fxe5 fxe5 30. Qg5 Bf7 31. Rcd2 Kg7 32. Be7 Be6 33. Rf1 Kh7 34. Rfd1 Rg8 35. Bf6 Nxf6 36. Qxf6 Rg7 37. Qxe5 Re7 38. Qc3 b5 39. cxb5 Bb3 40. Rf1 Rxe4 41. Qf3 Rc7 42. Bd3 Re5 43. Qg3 Rg7 44. b6 c4 45. Bb1 Re6 46. Qg5 Re5 47. Qg3 Re6 48. Qf3 Re5 49. Rd6 c3 50. Qxc3 Bd5 51. Qd4 Bb7 52. Rdf6 Rg5 53. R6f2 Qc6 54. Qd2 Rb5 55. Rf6 Qc5+ 56. Qf2 Qxf2+ 57. R1xf2 Kh6 58. Re2 Kg5 59. Rfe6 Kh6 60. h3 Ba6 61. Bd3 Ra5 62. Bxa6 Rxa6 63. Rc2 Rb7 64. Rcc6 Kg5 65. Rf6 Ra5 66. g3 Rb5 67. Rxg6+ Kf5 68. Rcf6+ Ke4 69. Rf4+ Ke3 70. Rxa4 Rxb2 71. Rb4 Ra2 72. Rb3+ Ke4 73. Re6+ Kd5 74. Re1 Kc4 75. Reb1 Rc2 76. R1b2 Rc1+ 77. Kg2 h4 78. g4 Kd4 79. a4 Ra1 80. Rb4+ Kc3 81. R2b3+ Kc2 82. Rf3 Re7 83. b7 Ree1 84. Rb2+ Kxb2 85. b8Q+ Kc1 86. Rc3+ Kd1 87. Qb3+ Kd2 88. Qc2# 1-0

[Event "Swiss Queens Wed #46"]
[Site "FIDE Online Arena INT"]
[Date "2024.12.11"]
[Round "3"]
[White "Shanmathi Sree, S."]
[Black "Sachi, Jain"]
[Result "0-1"]
[WhiteElo "2038"]
[BlackElo "2036"]
[PlyCount "116"]
[EventDate "2024.12.11"]
[EventType "swiss (blitz)"]
[EventRounds "11"]
[EventCountry "NET"]
[SourceTitle "CB51_2024"]
[SourceDate "2024.12.18"]
[SourceVersion "1"]
[SourceVersionDate "2024.12.18"]
[SourceQuality "1"]

1. e4 c6 2. d4 d5 3. e5 Bf5 4. g4 Be4 5. f3 Bg6 6. h4 h5 7. e6 Qd6 8. exf7+ Bxf7 9. Ne2 hxg4 10. fxg4 Nd7 11. Bf4 e5 12. dxe5 Nxe5 13. Bxe5 Qxe5 14. Qd4 Qxd4 15. Nxd4 Bc5 16. Nf5 g6 17. Ng3 Nh6 18. Bh3 Be6 19. g5 Ng4 20. Bxg4 Bxg4 21. Nc3 0-0-0 22. Kd2 Bf2 23. Nce2 Rdf8 24. Raf1 Rf3 25. h5 gxh5 26. g6 Rg8 27. Nxh5 Rxg6 28. Nhf4 Rf6 29. Rh8+ Kc7 30. Rh7+ Kb6 31. Rhh1 Be3+ 32. Kd1 Bxf4 33. Rxf3 Bxf3 34. Rf1 Bxe2+ 35. Kxe2 Be5 36. Rxf6 Bxf6 37. b3 Kc5 38. Kd3 b5 39. a3 a5 40. c3 b4 41. axb4+ axb4 42. cxb4+ Kxb4 43. Kc2 c5 44. Kd1 c4 45. Kc1 cxb3 46. Kb1 Kc3 47. Kc1 b2+ 48. Kb1 Bg5 49. Ka2 Kc2 50. Ka3 b1Q 51. Ka4 Be7 52. Ka5 Qb4+ 53. Ka6 Bd8 54. Ka7 Kb3 55. Ka8 Kc4 56. Ka7 Kc5 57. Ka8 Kc6 58. Ka7 Qb7# 0-1

[Event "Swiss Queens Wed #44"]
[Site "FIDE Online Arena INT"]
[Date "2024.11.27"]
[Round "11"]
[White "Anishka, Vikram"]
[Black "Shanmathi Sree, S."]
[Result "1-0"]
[WhiteElo "1852"]
[BlackElo "1881"]
[PlyCount "113"]
[EventDate "2024.11.27"]
[EventType "swiss (blitz)"]
[EventRounds "11"]
[EventCountry "NET"]
[SourceTitle "CB49_2024"]
[SourceDate "2024.12.04"]
[SourceVersion "1"]
[SourceVersionDate "2024.12.04"]
[SourceQuality "1"]

1. d4 d6 2. c4 Nf6 3. Nc3 g6 4. e4 Bg7 5. Nf3 0-0 6. Be2 e5 7. dxe5 dxe5 8. Qxd8 Rxd8 9. Bg5 Re8 10. Nd5 Nxd5 11. cxd5 Bg4 12. h3 Bxf3 13. Bxf3 c6 14. 0-0 cxd5 15. exd5 Nd7 16. Rfd1 Bf8 17. d6 Rab8 18. Rac1 Rec8 19. Rxc8 Rxc8 20. Bxb7 Rc2 21. b4 Rxa2 22. Bc6 Nb6 23. d7 Nxd7 24. Rxd7 Ra1+ 25. Kh2 Bxb4 26. Bf6 Bf8 27. Rd8 Rc1 28. Bf3 Rc7 29. Bxe5 Re7 30. Bd6 Kg7 31. Bxe7 Bxe7 32. Rd7 Bc5 33. g3 a5 34. Kg2 a4 35. Bd5 a3 36. Rxf7+ Kh6 37. Rc7 Bd6 38. Rd7 Bc5 39. h4 Bb4 40. Bg8 g5 41. Rxh7+ Kg6 42. Rb7 gxh4 43. Rxb4 hxg3 44. fxg3 Kg7 45. Ba2 Kf6 46. Kf3 Ke5 47. Ke3 Kd6 48. Rb5 Kc6 49. Rh5 Kd6 50. Ke4 Ke7 51. Re5+ Kf6 52. Rf5+ Kg6 53. Kf4 Kg7 54. Kg5 Kh8 55. Rf7 Kg8 56. Kg6 Kh8 57. Rf8# 1-0

[Event "Swiss Queens Wed #44"]
[Site "FIDE Online Arena INT"]
[Date "2024.11.27"]
[Round "1"]
[White "Shanmathi Sree, S."]
[Black "Pham, Le Thao Nguyen"]
[Result "0-1"]
[WhiteElo "1881"]
[BlackElo "2384"]
[PlyCount "72"]
[EventDate "2024.11.27"]
[EventType "swiss (blitz)"]
[EventRounds "11"]
[EventCountry "NET"]
[SourceTitle "CB49_2024"]
[SourceDate "2024.12.04"]
[SourceVersion "1"]
[SourceVersionDate "2024.12.04"]
[SourceQuality "1"]

1. d4 d5 2. e3 c6 3. Bd3 Nf6 4. Nf3 Bg4 5. h3 Bh5 6. Nbd2 Nbd7 7. c3 Bg6 8. Nf1 Ne4 9. Bxe4 dxe4 10. N3d2 e6 11. Ng3 f5 12. 0-0 Bd6 13. Nh5 0-0 14. Nf4 Bf7 15. Re1 e5 16. dxe5 Nxe5 17. Nf1 g5 18. Ne2 Nd3 19. Nd4 Nxe1 20. Qxe1 Qf6 21. Ng3 Bg6 22. Qe2 Rae8 23. Qc4+ Kh8 24. Bd2 f4 25. exf4 gxf4 26. Nf1 Rg8 27. Rd1 Bf7 28. Qe2 f3 29. Bg5 Rxg5 30. Nxf3 exf3 31. Rxd6 fxe2 32. Rxf6 Bc4 33. Ne3 e1Q+ 34. Kh2 Rxe3 35. fxe3 Qg3+ 36. Kh1 Qxg2# 0-1

[Event "Swiss Queens Wed #44"]
[Site "FIDE Online Arena INT"]
[Date "2024.11.27"]
[Round "9"]
[White "Zaksaite, Salomeja"]
[Black "Shanmathi Sree, S."]
[Result "1-0"]
[WhiteElo "2157"]
[BlackElo "1881"]
[PlyCount "99"]
[EventDate "2024.11.27"]
[EventType "swiss (blitz)"]
[EventRounds "11"]
[EventCountry "NET"]
[SourceTitle "CB49_2024"]
[SourceDate "2024.12.04"]
[SourceVersion "1"]
[SourceVersionDate "2024.12.04"]
[SourceQuality "1"]

1. g3 d5 2. Bg2 e5 3. d3 Nf6 4. Nd2 Be7 5. a3 0-0 6. b4 a5 7. b5 c5 8. Bb2 Bd6 9. c4 d4 10. Ngf3 a4 11. 0-0 h6 12. e3 Be6 13. exd4 exd4 14. h3 Qc8 15. Kh2 Nbd7 16. Re1 Re8 17. Ne4 Nxe4 18. Rxe4 Qc7 19. Qc2 Ne5 20. Nxe5 Bxe5 21. Rae1 Bd6 22. Bc1 Rad8 23. Qxa4 Qd7 24. Qc2 Bf5 25. Rxe8+ Rxe8 26. Rxe8+ Qxe8 27. Qd1 Qe6 28. Bxb7 Bxh3 29. Bd5 Qf5 30. Qf3 Bg4 31. Qxf5 Bxf5 32. a4 Bxd3 33. a5 Kf8 34. a6 Bb8 35. b6 Ke7 36. a7 Bxa7 37. bxa7 Kf6 38. a8Q Bf5 39. Qc6+ Be6 40. Qxc5 Bxd5 41. Qxd4+ Ke7 42. Qxd5 g5 43. c5 g4 44. c6 h5 45. c7 f5 46. c8Q f4 47. Qce6+ Kf8 48. Qd8+ Kg7 49. Qdf6+ Kh7 50. Qef7# 1-0

[Event "Swiss Queens Wed #43"]
[Site "FIDE Online Arena INT"]
[Date "2024.11.20"]
[Round "5"]
[White "Sarquis, Maria Belen"]
[Black "Shanmathi Sree, S."]
[Result "1-0"]
[WhiteElo "2156"]
[BlackElo "1881"]
[PlyCount "79"]
[EventDate "2024.11.20"]
[EventType "swiss (blitz)"]
[EventRounds "11"]
[EventCountry "NET"]
[SourceTitle "CB48_2024"]
[SourceDate "2024.11.28"]
[SourceVersion "1"]
[SourceVersionDate "2024.11.28"]
[SourceQuality "1"]

1. e4 c5 2. Nf3 d6 3. Bb5+ Bd7 4. Bxd7+ Qxd7 5. c4 Nf6 6. Nc3 Nc6 7. d4 cxd4 8. Nxd4 e6 9. Be3 Be7 10. 0-0 0-0 11. Nde2 Rad8 12. Nf4 Ne5 13. b3 Qc6 14. f3 a6 15. a4 Ng6 16. Qd2 Nxf4 17. Bxf4 Qb6+ 18. Kh1 Qxb3 19. Rfb1 Qxc4 20. Rxb7 Rfe8 21. Rc1 d5 22. Nxd5 exd5 23. Rxc4 dxc4 24. Qc2 Nh5 25. Be3 Bf6 26. Qxc4 Rd1+ 27. Bg1 Rf8 28. Qb3 Rc1 29. Rd7 Ra1 30. g3 g6 31. f4 Bg7 32. e5 Rc1 33. a5 Ra1 34. e6 Kh8 35. Rxf7 Rd8 36. e7 Re8 37. Rxg7 Nxg7 38. Qf7 Re1 39. Qf8+ Rxf8 40. exf8Q# 1-0

[Event "Swiss Queens Wed #43"]
[Site "FIDE Online Arena INT"]
[Date "2024.11.20"]
[Round "11"]
[White "Shanmathi Sree, S."]
[Black "Kairbekova, Amina"]
[Result "0-1"]
[WhiteElo "1881"]
[BlackElo "2288"]
[PlyCount "106"]
[EventDate "2024.11.20"]
[EventType "swiss (blitz)"]
[EventRounds "11"]
[EventCountry "NET"]
[SourceTitle "CB48_2024"]
[SourceDate "2024.11.28"]
[SourceVersion "1"]
[SourceVersionDate "2024.11.28"]
[SourceQuality "1"]

1. d4 Nf6 2. e3 g6 3. Bd3 Bg7 4. f4 0-0 5. Nf3 d5 6. c3 Nbd7 7. 0-0 Ne4 8. Nbd2 Ndf6 9. Ng5 Bf5 10. Ngf3 Nxd2 11. Qxd2 Bxd3 12. Qxd3 Ne4 13. Ne5 f6 14. Nf3 Qd6 15. Bd2 Rae8 16. Be1 c6 17. Bg3 Nxg3 18. hxg3 e5 19. Qd2 e4 20. Ne1 f5 21. Nc2 h6 22. Kf2 g5 23. b3 Qg6 24. Rh1 Bf6 25. Rag1 Kf7 26. c4 Rg8 27. cxd5 gxf4 28. gxf4 Qg3+ 29. Kf1 cxd5 30. Rxh6 Rc8 31. Rh3 Qg4 32. Nb4 Ke6 33. Nc2 Rc7 34. Rgh1 Rgc8 35. Ne1 Rc1 36. Qe2 R8c2 37. Qxc2 Rxc2 38. Nxc2 Qd1+ 39. Ne1 Qd2 40. Rg3 Bxd4 41. exd4 Qxf4+ 42. Kg1 Qxg3 43. Kf1 f4 44. Rh6+ Kf7 45. Rh7+ Kg6 46. Rxb7 Qe3 47. Rxa7 Qxd4 48. Ra8 Qd2 49. Rg8+ Kf7 50. Rh8 d4 51. Rh7+ Kg6 52. Re7 e3 53. Nf3 Qf2# 0-1

[Event "Swiss Queens Wed #39"]
[Site "FIDE Online Arena INT"]
[Date "2024.10.23"]
[Round "10"]
[White "Shanmathi Sree, S."]
[Black "Gomez Barrera, Javiera Belen"]
[Result "0-1"]
[WhiteElo "1762"]
[BlackElo "2161"]
[PlyCount "106"]
[EventDate "2024.10.23"]
[EventType "swiss (blitz)"]
[EventRounds "11"]
[EventCountry "NET"]
[SourceTitle "CB44_2024"]
[Source "Chessbase"]
[SourceDate "2024.10.30"]
[SourceVersion "1"]
[SourceVersionDate "2024.10.30"]
[SourceQuality "1"]

1. e4 e5 2. Nf3 Nc6 3. Bc4 Bc5 4. c3 Nf6 5. d3 d6 6. Bb3 0-0 7. Nbd2 Ne7 8. Nf1 Ng6 9. Ng3 d5 10. Qe2 a5 11. 0-0 a4 12. Bc2 Re8 13. Bg5 c6 14. b4 Bd6 15. Nh4 h6 16. Bxf6 Qxf6 17. Nhf5 Bf8 18. Qf3 Nf4 19. Rfe1 g6 20. Ne3 h5 21. exd5 cxd5 22. Nxd5 Nxd5 23. Qxd5 Qc6 24. Qxc6 bxc6 25. a3 f5 26. Ne2 Bd7 27. d4 Bg7 28. Rad1 Re7 29. Kf1 Rae8 30. dxe5 Bxe5 31. c4 Be6 32. c5 Bc4 33. Bd3 Bb3 34. Rc1 Bb2 35. Rb1 Bxa3 36. Nd4 Rxe1+ 37. Rxe1 Rxe1+ 38. Kxe1 Bxb4+ 39. Ke2 Bd5 40. Nc2 Bxc5 41. f3 a3 42. Kd2 a2 43. Kc3 Bd6 44. Kb2 Be5+ 45. Kc1 Bb3 46. g3 Kg7 47. Kd2 Bxc2 48. Bxc2 a1Q 49. Bxf5 Qc3+ 50. Ke2 gxf5 51. g4 Bd4 52. gxf5 Qc2+ 53. Kf1 Qf2# 0-1

[Event "Swiss Queens Wed #39"]
[Site "FIDE Online Arena INT"]
[Date "2024.10.23"]
[Round "7"]
[White "Shanmathi Sree, S."]
[Black "Sarquis, Maria Belen"]
[Result "0-1"]
[WhiteElo "1762"]
[BlackElo "2175"]
[PlyCount "84"]
[EventDate "2024.10.23"]
[EventType "swiss (blitz)"]
[EventRounds "11"]
[EventCountry "NET"]
[SourceTitle "CB44_2024"]
[Source "Chessbase"]
[SourceDate "2024.10.30"]
[SourceVersion "1"]
[SourceVersionDate "2024.10.30"]
[SourceQuality "1"]

1. e4 e5 2. Nf3 Nc6 3. Bc4 Nf6 4. d3 Bc5 5. c3 0-0 6. Bb3 d5 7. Qe2 Re8 8. Nbd2 a5 9. 0-0 a4 10. Bc2 Bg4 11. h3 Bh5 12. Rd1 Qd7 13. Nf1 b5 14. Ng3 Bg6 15. Nh4 b4 16. Qf3 a3 17. Nhf5 axb2 18. Bxb2 bxc3 19. Bxc3 Nd4 20. Bxd4 exd4 21. Bb3 c6 22. Rac1 Bb4 23. Nxd4 Rac8 24. Ba4 Qa7 25. Bxc6 Qxd4 26. Bxe8 Rxe8 27. exd5 Ba3 28. Rc4 Qb2 29. Ne4 Nxd5 30. Nd2 Rd8 31. Rb1 Qxd2 32. Ra4 Bf8 33. Rd1 Qc2 34. Ra7 Nc3 35. Rf1 Bd6 36. h4 Qxd3 37. Qb7 Ne2+ 38. Kh1 Qe4 39. Qxe4 Bxe4 40. Re1 Bd3 41. Ra3 Bxa3 42. g3 Bb4 0-1

[Event "IND-ch (Women) 50th"]
[Site "Karaikudi"]
[Date "2024.10.12"]
[Round "10"]
[White "Shanmathi Sree, S."]
[Black "Keerti, Shree Reddy"]
[Result "0-1"]
[WhiteElo "1762"]
[BlackElo "2033"]
[PlyCount "72"]
[EventDate "2024.10.03"]
[EventType "swiss"]
[EventRounds "11"]
[EventCountry "IND"]
[SourceTitle "CB47_2024"]
[SourceDate "2024.11.20"]
[SourceVersion "1"]
[SourceVersionDate "2024.11.20"]
[SourceQuality "1"]

1. e4 c5 2. Nf3 d6 3. d4 cxd4 4. Nxd4 Nf6 5. Nc3 Nc6 6. f3 e5 7. Nb3 Be7 8. Be3 0-0 9. Qd2 Be6 10. 0-0-0 a5 11. Kb1 a4 12. Nc1 a3 13. b3 Rc8 14. Nd5 Bxd5 15. exd5 Nd4 16. Bxd4 exd4 17. Qxd4 Nd7 18. c4 Bf6 19. Qf2 Re8 20. Bd3 b5 21. cxb5 Qa5 22. Qd2 Bc3 23. Qc2 Bf6 24. Bc4 Nb6 25. Rd3 Qb4 26. Qd2 Rxc4 27. Re3 Rxe3 28. Qxe3 Rc8 29. Re1 h6 30. Re2 Nxd5 31. Nd3 Qc3 32. Qe8+ Rxe8 33. Rxe8+ Kh7 34. Re2 Qxd3+ 35. Rc2 Nc3+ 36. Ka1 Qxc2 0-1

[Event "IND-ch (Women) 50th"]
[Site "Karaikudi"]
[Date "2024.10.11"]
[Round "9"]
[White "Shanmathi Sree, S."]
[Black "Harini, S."]
[Result "1-0"]
[WhiteElo "1762"]
[BlackElo "1903"]
[PlyCount "83"]
[EventDate "2024.10.03"]
[EventType "swiss"]
[EventRounds "11"]
[EventCountry "IND"]
[SourceTitle "CB47_2024"]
[SourceDate "2024.11.20"]
[SourceVersion "1"]
[SourceVersionDate "2024.11.20"]
[SourceQuality "1"]

1. e4 c5 2. Nf3 e6 3. d4 cxd4 4. Nxd4 a6 5. a3 Nf6 6. Nc3 Qc7 7. Bd3 b5 8. 0-0 Bb7 9. Qe2 Nc6 10. Be3 h5 11. Nxc6 Ng4 12. e5 Bxc6 13. Bf4 f5 14. h3 g5 15. Bxg5 Nxe5 16. Bxf5 Be7 17. Bxe7 Kxe7 18. Be4 d5 19. Bd3 Nxd3 20. cxd3 Qf4 21. Rfe1 Rh6 22. Qe5 Qxe5 23. Rxe5 Kd6 24. Rg5 a5 25. Ne2 a4 26. Rc1 Rb8 27. Nf4 b4 28. d4 bxa3 29. bxa3 Rb3 30. Rg3 Rh8 31. Nxe6 h4 32. Rg6 Be8 33. Rg7 Kxe6 34. Rcc7 Rxa3 35. Ra7 Ra1+ 36. Kh2 Bb5 37. Rg6+ Kf5 38. Rb6 Bc4 39. f3 a3 40. Rf7+ Kg5 41. f4+ Kh5 42. Rf5# 1-0

[Event "Swiss Queens Wed #37"]
[Site "FIDE Online Arena INT"]
[Date "2024.10.09"]
[Round "10"]
[White "Injac, Teodora"]
[Black "Shanmathi Sree, S."]
[Result "1-0"]
[WhiteElo "2424"]
[BlackElo "1762"]
[PlyCount "109"]
[EventDate "2024.10.09"]
[EventType "swiss (blitz)"]
[EventRounds "11"]
[EventCountry "NET"]
[SourceTitle "CB42_2024"]
[Source "ChessBase"]
[SourceDate "2024.10.16"]
[SourceVersion "1"]
[SourceVersionDate "2024.10.16"]
[SourceQuality "1"]

1. d4 Nf6 2. Nf3 g6 3. Nbd2 Bg7 4. e4 d6 5. Bb5+ Bd7 6. Bd3 0-0 7. 0-0 e5 8. dxe5 dxe5 9. Nxe5 Nxe4 10. Nxd7 Nxd2 11. Nxf8 Nxf1 12. Nxg6 hxg6 13. Qxf1 Nc6 14. c3 Qh4 15. g3 Qh5 16. Be4 Qc5 17. Be3 Qd6 18. Rd1 Qe6 19. Bd5 Qf6 20. Qb5 Rd8 21. h4 Ne5 22. Bg5 Rxd5 23. Qxd5 Nf3+ 24. Kg2 Nxg5 25. hxg5 Qb6 26. Qd8+ Bf8 27. Rd2 Kg7 28. Qd4+ Qxd4 29. Rxd4 Bd6 30. f4 Kf8 31. Kf3 Ke7 32. Ke4 Ke6 33. Rd1 b6 34. g4 a5 35. f5+ gxf5+ 36. gxf5+ Ke7 37. Kd5 Bf4 38. g6 fxg6 39. fxg6 Bh6 40. Kc6 Bf4 41. g7 Kf7 42. Rf1 Kxg7 43. Rxf4 a4 44. Kxc7 b5 45. Kc6 a3 46. bxa3 b4 47. axb4 Kg6 48. b5 Kg5 49. Rf1 Kg4 50. b6 Kg3 51. b7 Kg2 52. Rf7 Kg3 53. b8Q+ Kg2 54. Qg8+ Kh3 55. Rh7# 1-0

[Event "Swiss Queens Wed #37"]
[Site "FIDE Online Arena INT"]
[Date "2024.10.09"]
[Round "4"]
[White "Shanmathi Sree, S."]
[Black "Vifleemskaia, Svetlana"]
[Result "1-0"]
[WhiteElo "1762"]
[BlackElo "1942"]
[PlyCount "139"]
[EventDate "2024.10.09"]
[EventType "swiss (blitz)"]
[EventRounds "11"]
[EventCountry "NET"]
[SourceTitle "CB42_2024"]
[Source "ChessBase"]
[SourceDate "2024.10.16"]
[SourceVersion "1"]
[SourceVersionDate "2024.10.16"]
[SourceQuality "1"]

1. e4 e5 2. Nf3 Nc6 3. Bc4 Nf6 4. d3 Be7 5. c3 0-0 6. Bb3 d5 7. Qe2 Re8 8. Nbd2 h6 9. 0-0 Bf8 10. Rd1 Bg4 11. h3 Bh5 12. Nf1 a5 13. Ng3 Bg6 14. Nh4 Bh7 15. Qf3 a4 16. Bxd5 Nxd5 17. exd5 Qxh4 18. dxc6 bxc6 19. Qxc6 Bd6 20. Be3 f5 21. Bc5 Qf6 22. Bxd6 cxd6 23. Qd5+ Qe6 24. Qxe6+ Rxe6 25. d4 Rb8 26. dxe5 dxe5 27. Rd2 Kf7 28. Ne2 f4 29. Rad1 g5 30. Rd7+ Re7 31. Rxe7+ Kxe7 32. Rd2 Bb1 33. a3 Ke6 34. c4 Rc8 35. Nc3 Rxc4 36. Kf1 Bg6 37. Ke2 e4 38. Rd8 h5 39. Rg8 Kf7 40. Ra8 Rc6 41. Rxa4 Rb6 42. b4 Rc6 43. Ra7+ Ke6 44. Nb5 Rc2+ 45. Ke1 Rb2 46. Nd4+ Ke5 47. Ne2 Kf6 48. Ra6+ Kf7 49. Nc3 Rc2 50. Nd5 Rc1+ 51. Kd2 Rf1 52. Ke2 Rg1 53. b5 Rxg2 54. b6 e3 55. Nxe3 fxe3 56. Kxe3 Rg1 57. Ra4 Rb1 58. Rb4 Re1+ 59. Kf3 Re8 60. b7 Rb8 61. a4 Bf5 62. a5 Bc8 63. bxc8Q Rxc8 64. a6 Ra8 65. Ra4 Kf6 66. Ra5 Ra7 67. Kg3 Kg6 68. h4 gxh4+ 69. Kxh4 Kf6 70. Rxh5 1-0